000
00329nam a2200133Ia 4500
003
OSt
008
191201s2004 xx 000 0 und d
100
_a
RAO, P. Subba
245
0
_a
Personnel and Human Resource Management
260
_a
N. Delhi
_b
Himalaya Publication House
_c
2004
300
_a
478
650
_a
MBA
942
_2
ddc
_c
BK
999
_c
213
_d
213